| 000 | 01070nam a22001937a 4500 | ||
|---|---|---|---|
| 999 |
_c6738 _d6738 |
||
| 003 | AR-CdUCM | ||
| 008 | 190319b ||||| |||| 00| 0 spa d | ||
| 040 |
_aMUNICIPALIDAD PROVINCIAL DEL CUSCO _cBIBLIOTECA MUNICIPAL DEL CUSCO |
||
| 082 |
_24ed. _a346.3 / _bF76 |
||
| 100 |
_aForniels, Salvador _918974 |
||
| 245 | _aTratado de las sucesiones / | ||
| 260 |
_aBuenos Aires : _bTipográfica Editora Argentina, _c1958. |
||
| 300 |
_a2 tomos ; _c23 cm. |
||
| 505 | _aContenido : t.1: Principios generales -- Ley que rige el derecho de sucesión -- Capacidad para suceder. Indignidad -- Aceptación y repudiación de la herencia -- Aceptación de la herencia con beneficio de inventario ... -- t.2: Sucesiones interpretadas, derecho de representación -- Orden de las suscesiones intestadas. Descendientes, ascendientes, conyuges, parientes naturales -- Herencias vacantes. Sucesión del fisco -- Bienes reservables -- Legítima y acción de reducción ... | ||
| 650 |
_aDerecho civil (Sucesiones) _918975 |
||
| 650 |
_aArgentina _9511 |
||
| 942 |
_2ddc _cLIBROS |
||
| 945 | _azta | ||